| 000 | 01244nam a22003017a 4500 | ||
|---|---|---|---|
| 003 | DO-SdBNP | ||
| 005 | 20221129080041.0 | ||
| 007 | ta | ||
| 008 | 220207b2015 dr ac||| |||| 00| 0 eng d | ||
| 020 | _a9789945895438 | ||
| 040 |
_aDO-SdBNP _bspa _cBNPHU |
||
| 082 | 4 |
_a770.747293 _bP985L _222 |
|
| 100 | 1 |
_aLeón Jorge, María Amalia de _981158 |
|
| 245 | 1 | 3 |
_aLa insolita mirada irónica de APECO / _cNatalio Puras Penzo ; textos de María Amalia León de Jorge ; traductora Daniela Gaviria de Moraes. |
| 260 |
_aSantiago de los Caballeros, República Dominicana : _bCentro Cultural Eduardo León Jimenes, _c2015. |
||
| 300 |
_a197 p. : _bil., retrs. ; _c31 cm. |
||
| 500 | _aIncluye referencias bibliográficas y notas al pie de las páginas. | ||
| 500 | _aTexto en Inglés | ||
| 546 | _aTexto en Inglés y Español | ||
| 590 | _aInventariado, 2022 /LP | ||
| 600 | 1 | 4 |
_aPuras Penzo, Natalio _vExposiciones _981335 |
| 650 | 4 |
_aFotografía artística _943005 _vExposiciones |
|
| 650 | 4 |
_aFotografía _zRepública Dominicana _vExposiciones _981352 |
|
| 700 | 1 |
_aLeón de Jorge, María Amalia, _981152 |
|
| 700 | 1 |
_aGaviria de Moraes, Daniela, _etr. _981153 |
|
| 910 | _aLopérez./Validado. Control de calidad MFF | ||
| 942 |
_2ddc _cLBS1 |
||
| 999 |
_c51353 _d51353 |
||